000 00667nam a2200217Ia 4500
005 20241129104341.0
008 241129s9999||||xx |||||||||||||| ||und||
020 _a9781032189567
037 _aTextual
040 _aRTL
_beng
_cRTL
041 _aeng
_2eng
084 _aY15:4582.2 R!
_qRTL
100 _aSahu Skylab
_9725953
245 0 _aGender violence and governmentality: Legal and policy initiatives in India
_cSahu Skylab
260 _aLondon
_bRoutledge
_c2021
300 _axi,228p.
365 _aINR
_b995
650 _aGender-Based Violence and Policy Responses
_9725954
942 _cTB
_hY15:4582.2 R!
999 _c1225523
_d1225523